000
00246 a2200109 4500
001
12888
090
_c
9866
_d
9866
100
_a
Rogers,J
245
_a
Radio Frequency Integrated Circuit Design
260
_a
LONDON
_b
Artech House
_c
2003
300
_a
xx, 410
942
_a
NUST-CAE
999
_c
247961
_d
247961